000 01288nam a2200229Ia 4500
003 Ost
005 20260507075525.0
008 260507s9999||||xx |||||||||||||| ||und||
020 _a9789931484172
040 _cfsecg
041 _aara
082 _a332.170688
100 _aكافي، مصطفى يوسف
_eمؤلف
245 0 _aالتسويق المصرفي /
_c مصطفى يوسف كافي
260 _aقسنطينة:
_bألفا للوثائق,
_c2017
300 _a301 صفحة؛
_bإيضاحات ؛
_c24 سم
504 _aببليوغرافيا:ص.293
520 _aماهية التسويق والبنوك-مفاهيم عامة -التسويق المصرفي-مفهومه،اهدافه ونشاته -البيئة التسويقية المصرفية -تسويق الخدمات المصرفية -تجزئة السوق المصرفية -سلوك الزبون البنكي والعوامل المؤثرة فيه -إدارة التسويق المصرفية-المزيج التسويقي المصرفي -التسويق المصرفي الإلكتروني -دور التسويق المباشر في البنوك -نظم المعلومات المصرفية
653 _aالبنوك--تسويق
653 _aالخدمات المصرفية--تسويق
942 _cكتاب
999 _c44793
_d44793